| 000 | 00623nam a22002292 4500 | ||
|---|---|---|---|
| 001 | 6334 | ||
| 003 | UkOxU | ||
| 005 | 20211208234227.0 | ||
| 008 | 090114s1965 xx 000 0 eng | ||
| 035 | _aOCLC ocm04897332 from D970514M | ||
| 040 |
_aDLC _cCLE _dUKM _dEQO _beng |
||
| 041 | _aeng | ||
| 082 |
_a352.066 _bFOH 1965 |
||
| 100 | 1 |
_aFox, B. V. _919944 |
|
| 245 | 0 | 0 | _aHandbook for council clerks / |
| 260 |
_aLondon : _bOxford University Press, _c1965 |
||
| 300 |
_a111 p. _billus. _c19 cm. |
||
| 650 | 0 |
_aLocal government _zAfrica, West. _919945 |
|
| 942 |
_2ddc _cBK |
||
| 999 |
_c6334 _d6334 |
||